[Event "English Open Championship 2024"]
[Site "Holiday Inn, 212 Abbey End, Kenilworth CV8 1ED, United Kingdom"]
[Date "2024.06.21"]
[Round "4.8"]
[White "Liu, Jack"]
[Black "Hebden, Mark L"]
[Result "1/2-1/2"]
[TimeControl "G90 + 30secs/move"]
[WhiteFideId "8627894"]
[BlackFideId "400084"]
[WhiteElo "2051"]
[BlackElo "2398"]

1. e4 {[%clk 01:30:56]} {[%emt 00:00:03]} e5 {[%clk 01:30:39]} {[%emt
00:00:20]} 2. Nf3 {[%clk 01:31:10]} {[%emt 00:00:18]} Nc6 {[%clk 01:31:00]}
{[%emt 00:00:09]} 3. Bb5 {[%clk 01:31:28]} {[%emt 00:00:12]} a6 {[%clk
01:31:23]} {[%emt 00:00:07]} 4. Ba4 {[%clk 01:31:39]} {[%emt 00:00:19]} Nf6
{[%clk 01:31:45]} {[%emt 00:00:08]} 5. O-O {[%clk 01:31:57]} {[%emt 00:00:12]}
Be7 {[%clk 01:32:06]} {[%emt 00:00:08]} 6. Re1 {[%clk 01:32:13]} {[%emt
00:00:14]} b5 {[%clk 01:32:22]} {[%emt 00:00:14]} 7. Bb3 {[%clk 01:32:36]}
{[%emt 00:00:07]} d6 {[%clk 01:32:43]} {[%emt 00:00:09]} 8. c3 {[%clk
01:32:17]} {[%emt 00:00:50]} O-O {[%clk 01:33:06]} {[%emt 00:00:07]} 9. h3
{[%clk 01:32:25]} {[%emt 00:00:22]} Nb8 {[%clk 01:33:06]} {[%emt 00:00:30]} 10.
d4 {[%clk 01:31:09]} {[%emt 00:01:45]} Nbd7 {[%clk 01:33:29]} {[%emt 00:00:07]}
11. Nbd2 {[%clk 01:30:36]} {[%emt 00:01:04]} Bb7 {[%clk 01:33:42]} {[%emt
00:00:17]} 12. Bc2 {[%clk 01:29:40]} {[%emt 00:01:26]} Re8 {[%clk 01:34:01]}
{[%emt 00:00:10]} 13. Nf1 {[%clk 01:29:23]} {[%emt 00:00:48]} Bf8 {[%clk
01:34:23]} {[%emt 00:00:07]} 14. Ng3 {[%clk 01:29:42]} {[%emt 00:00:12]} g6
{[%clk 01:34:47]} {[%emt 00:00:07]} 15. a4 {[%clk 01:23:47]} {[%emt 00:06:25]}
c5 {[%clk 01:29:38]} {[%emt 00:05:38]} 16. d5 {[%clk 01:13:34]} {[%emt
00:10:44]} c4 {[%clk 01:29:51]} {[%emt 00:00:16]} 17. Bg5 {[%clk 01:13:41]}
{[%emt 00:00:22]} Nc5 {[%clk 01:29:48]} {[%emt 00:00:34]} 18. axb5 {[%clk
01:13:15]} {[%emt 00:00:56]} axb5 {[%clk 01:30:09]} {[%emt 00:00:09]} 19. Rxa8
{[%clk 01:13:35]} Bxa8 {[%clk 01:30:33]} {[%emt 00:00:16]} 20. Qd2 {[%clk
01:11:45]} {[%emt 00:02:19]} Be7 {[%clk 01:30:33]} {[%emt 00:00:30]} 21. Bh6
{[%clk 01:07:13]} {[%emt 00:05:03]} Bb7 {[%clk 01:30:42]} {[%emt 00:00:21]} 22.
Qe3 {[%clk 00:40:41]} {[%emt 00:27:02]} Bc8 {[%clk 01:26:52]} {[%emt 00:04:19]}
23. Ra1 {[%clk 00:39:24]} {[%emt 00:01:48]} Qc7 {[%clk 01:22:30]} {[%emt
00:04:51]} 24. Nd2 {[%clk 00:34:55]} {[%emt 00:04:59]} Kh8 {[%clk 01:21:20]}
{[%emt 00:01:40]} 25. Qf3 {[%clk 00:30:47]} {[%emt 00:04:39]} Bd7 {[%clk
01:21:05]} {[%emt 00:00:46]} 26. Ndf1 {[%clk 00:25:58]} {[%emt 00:05:19]} Ng8
{[%clk 01:19:31]} {[%emt 00:02:03]} 27. Bd2 {[%clk 00:25:23]} {[%emt 00:01:05]}
Rf8 {[%clk 01:13:44]} {[%emt 00:06:17]} 28. Ne3 {[%clk 00:25:02]} {[%emt
00:00:52]} Qd8 {[%clk 01:10:35]} {[%emt 00:03:38]} 29. Ng4 {[%clk 00:17:26]}
{[%emt 00:08:06]} Bg5 {[%clk 01:01:56]} {[%emt 00:09:08]} 30. Bxg5 {[%clk
00:16:00]} {[%emt 00:01:58]} Qxg5 {[%clk 01:02:24]} {[%emt 00:00:01]} 31. Qe3
{[%clk 00:16:16]} {[%emt 00:00:14]} h6 {[%clk 01:00:25]} {[%emt 00:02:30]} 32.
Qxg5 {[%clk 00:13:40]} {[%emt 00:03:06]} hxg5 {[%clk 01:00:53]} {[%emt
00:00:02]} 33. Ne3 {[%clk 00:13:58]} {[%emt 00:00:11]} Ne7 {[%clk 00:59:19]}
{[%emt 00:02:03]} 34. f3 {[%emt 00:06:50]} Rb8 {[%clk 00:53:45]} 35. Ngf1
{[%clk 00:13:15]} {[%emt 00:00:58]} f5 {[%clk 00:52:46]} {[%emt 00:01:29]} 36.
Nd2 {[%clk 00:13:02]} {[%emt 00:00:44]} f4 {[%clk 00:52:07]} {[%emt 00:01:09]}
37. Nd1 {[%clk 00:07:41]} {[%emt 00:05:51]} Nc8 {[%clk 00:51:31]} {[%emt
00:01:05]} 38. Nf2 {[%clk 00:05:50]} {[%emt 00:02:21]} Nb6 {[%clk 00:51:17]}
{[%emt 00:00:44]} 39. Ra7 {[%clk 00:05:05]} {[%emt 00:01:15]} Ra8 {[%clk
00:48:49]} {[%emt 00:02:58]} 40. Rxa8+ {[%clk 00:05:26]} {[%emt 00:00:09]} Nxa8
{[%clk 00:49:18]} {[%emt 00:00:01]} 41. b4 {[%clk 00:03:07]} {[%emt 00:02:50]}
cxb3 {[%clk 00:49:04]} {[%emt 00:00:44]} 42. Nxb3 {[%clk 00:01:24]} {[%emt
00:02:13]} Na4 {[%clk 00:48:44]} {[%emt 00:00:50]} 43. Nd1 {[%clk 00:01:43]}
{[%emt 00:00:10]} Kg7 {[%clk 00:47:15]} {[%emt 00:01:58]} 44. Na5 {[%clk
00:02:02]} {[%emt 00:00:12]} Nc5 {[%clk 00:46:58]} {[%emt 00:00:48]} 45. Nb2
{[%clk 00:01:40]} {[%emt 00:00:52]} Nb6 {[%clk 00:46:48]} {[%emt 00:00:40]} 46.
Kf2 {[%clk 00:01:23]} {[%emt 00:00:47]} Kf6 {[%clk 00:46:38]} {[%emt 00:00:39]}
47. Ke2 {[%clk 00:01:18]} {[%emt 00:00:36]} Ke7 {[%clk 00:44:12]} {[%emt
00:02:55]} 48. Kd2 {[%clk 00:01:31]} {[%emt 00:00:17]} Kd8 {[%clk 00:44:20]}
{[%emt 00:00:22]} 49. Nd3 {[%clk 00:01:13]} {[%emt 00:00:48]} Nxd3 {[%clk
00:43:05]} {[%emt 00:01:45]} 50. Bxd3 {[%clk 00:01:33]} {[%emt 00:00:10]} Kc7
{[%clk 00:43:10]} {[%emt 00:00:25]} 51. Be2 {[%clk 00:00:51]} {[%emt 00:01:12]}
Na4 {[%clk 00:43:22]} {[%emt 00:00:18]} 52. Kc2 {[%clk 00:01:01]} {[%emt
00:00:20]} Kb6 {[%clk 00:41:48]} {[%emt 00:02:04]} 53. Nb3 {[%clk 00:01:22]}
{[%emt 00:00:10]} Bc8 {[%clk 00:40:53]} {[%emt 00:01:23]} 54. Nc1 {[%clk
00:01:08]} {[%emt 00:00:45]} Bd7 {[%clk 00:36:03]} {[%emt 00:05:20]} 55. Nb3
{[%clk 00:01:25]} {[%emt 00:00:14]} Ka6 {[%clk 00:34:49]} {[%emt 00:01:44]} 56.
Nc1 {[%clk 00:01:29]} {[%emt 00:00:26]} Bc8 {[%clk 00:30:32]} {[%emt 00:04:47]}
57. Nb3 {[%clk 00:01:38]} {[%emt 00:00:20]} Kb6 {[%clk 00:30:50]} {[%emt
00:00:12]} 58. Nc1 {[%clk 00:01:56]} {[%emt 00:00:14]} Ba6 {[%clk 00:31:18]} 59.
Kb3 {[%clk 00:01:18]} {[%emt 00:01:07]} Ka5 {[%clk 00:31:15]} {[%emt 00:00:34]}
60. Na2 {[%clk 00:00:57]} {[%emt 00:00:51]} Nc5+ {[%clk 00:31:30]} {[%emt
00:00:15]} 61. Ka3 {[%clk 00:01:08]} {[%emt 00:00:19]} Bb7 {[%clk 00:31:31]}
{[%emt 00:00:29]} 62. Nc1 {[%clk 00:01:16]} {[%emt 00:00:22]} Kb6 {[%clk
00:31:07]} {[%emt 00:00:54]} 63. Kb4 {[%clk 00:01:11]} {[%emt 00:00:35]} Na6+
{[%clk 00:31:11]} {[%emt 00:00:26]} 64. Kb3 {[%clk 00:01:34]} {[%emt 00:00:06]}
Nc7 {[%clk 00:31:20]} {[%emt 00:00:22]} 65. Kb4 {[%clk 00:01:27]} {[%emt
00:00:37]} Na6+ {[%clk 00:23:58]} {[%emt 00:07:51]} 66. Ka3 {[%clk 00:01:50]}
{[%emt 00:00:08]} b4+ {[%clk 00:22:23]} {[%emt 00:02:06]} 67. cxb4 {[%clk
00:02:07]} {[%emt 00:00:12]} Nc7 {[%clk 00:22:44]} {[%emt 00:00:08]} 68. Na2
{[%clk 00:01:00]} {[%emt 00:01:38]} Nb5+ {[%clk 00:21:45]} {[%emt 00:01:28]} 69.
Bxb5 {[%clk 00:00:55]} {[%emt 00:00:36]} Kxb5 {[%clk 00:22:14]} {[%emt
00:00:01]} 70. Kb3 {[%clk 00:00:56]} {[%emt 00:00:29]} Ba6 {[%clk 00:22:42]}
{[%emt 00:00:02]} 71. Nc3+ {[%clk 00:00:43]} {[%emt 00:00:43]} Kb6 {[%clk
00:23:09]} {[%emt 00:00:03]} 72. b5 {[%clk 00:00:33]} {[%emt 00:00:40]} Bxb5
{[%clk 00:23:26]} {[%emt 00:00:12]} 73. Nxb5 {[%clk 00:00:43]} {[%emt
00:00:21]} Kxb5 {[%clk 00:23:55]} {[%emt 00:00:01]} 74. Kc3 {[%clk 00:00:35]}
{[%emt 00:00:38]} Kc5 {[%clk 00:24:23]} {[%emt 00:00:02]} 75. Kb3 {[%clk
00:00:38]} {[%emt 00:00:27]} Kd4 {[%clk 00:17:18]} {[%emt 00:07:36]} 76. Kb4
{[%clk 00:01:02]} {[%emt 00:00:06]} Ke3 {[%clk 00:17:42]} {[%emt 00:00:05]} 77.
Kb5 {[%clk 00:01:29]} {[%emt 00:00:03]} Kf2 {[%clk 00:18:06]} {[%emt 00:00:05]}
78. Kc6 {[%clk 00:01:55]} {[%emt 00:00:04]} Kxg2 {[%clk 00:18:31]} {[%emt
00:00:05]} 79. Kxd6 {[%clk 00:02:21]} {[%emt 00:00:05]} Kxh3 {[%clk 00:18:32]}
{[%emt 00:00:29]} 80. Kxe5 {[%clk 00:02:46]} {[%emt 00:00:06]} g4 {[%clk
00:18:56]} {[%emt 00:00:05]} 81. fxg4 {[%clk 00:01:25]} {[%emt 00:01:52]} f3
{[%clk 00:19:13]} {[%emt 00:00:12]} 82. d6 {[%clk 00:01:52]} {[%emt 00:00:03]}
f2 {[%clk 00:19:38]} {[%emt 00:00:04]} 83. d7 {[%clk 00:02:20]} {[%emt
00:00:03]} f1=Q {[%clk 00:20:00]} {[%emt 00:00:07]} 84. d8=Q {[%clk 00:02:44]}
{[%emt 00:00:07]} Kxg4 {[%clk 00:19:54]} {[%emt 00:00:35]} 85. Qc8+ {[%clk
00:02:31]} {[%emt 00:00:43]} Kg3 {[%clk 00:19:51]} {[%emt 00:00:34]} 86. Qc3+
{[%clk 00:02:54]} {[%emt 00:00:06]} Kh4 {[%clk 00:20:09]} {[%emt 00:00:12]} 87.
Kd6 {[%clk 00:01:15]} {[%emt 00:02:07]} Qd1+ {[%clk 00:15:16]} {[%emt
00:05:25]} 88. Ke6 {[%clk 00:01:04]} {[%emt 00:00:40]} Qg4+ {[%clk 00:14:27]}
{[%emt 00:01:21]} 89. Ke5 {[%clk 00:00:40]} {[%emt 00:00:49]} g5 {[%clk
00:14:41]} {[%emt 00:00:20]} 90. Qe1+ {[%clk 00:00:48]} {[%emt 00:00:22]} Kh5
{[%clk 00:15:06]} {[%emt 00:00:06]} 91. Qf2 {[%clk 00:00:35]} {[%emt 00:00:42]}
Qd7 {[%clk 00:14:41]} {[%emt 00:00:56]} 92. Qf5 {[%emt 00:07:10]} Qd3 {[%clk
00:08:31]} 93. Kf6 {[%clk 00:00:37]} {[%emt 00:00:28]} Qd6+ {[%clk 00:07:36]}
{[%emt 00:01:24]} 94. Kf7 {[%clk 00:00:36]} {[%emt 00:00:32]} Qc7+ {[%clk
00:06:52]} {[%emt 00:01:14]} 95. Kf6 {[%clk 00:00:55]} {[%emt 00:00:10]} Qb6+
{[%clk 00:06:58]} {[%emt 00:00:25]} 96. Kf7 {[%clk 00:01:15]} {[%emt 00:00:09]}
Qc7+ {[%clk 00:06:52]} {[%emt 00:00:37]} 97. Kf6 {[%clk 00:01:39]} {[%emt
00:00:05]} Qd6+ {[%clk 00:06:50]} {[%emt 00:00:32]} 98. Kf7 {[%clk 00:02:04]}
{[%emt 00:00:06]} Qf4 {[%clk 00:07:07]} {[%emt 00:00:13]} 99. Kf6 {[%clk
00:02:28]} {[%emt 00:00:06]} Qd6+ {[%clk 00:06:19]} {[%emt 00:00:47]} 1/2-1/2

[Event "English Open Championship 2024"]
[Site "Holiday Inn, 212 Abbey End, Kenilworth CV8 1ED, United Kingdom"]
[Date "2024.06.21"]
[Round "4.9"]
[White "Wells, Peter K"]
[Black "Banerjee, Supratit"]
[Result "1-0"]
[TimeControl "G90 + 30secs/move"]
[WhiteFideId "400327"]
[BlackFideId "2410079"]
[WhiteElo "2354"]
[BlackElo "2115"]

1. e4 {[%clk 01:27:38]} {[%emt 00:03:21]} c6 {[%clk 01:30:25]} {[%emt
00:00:36]} 2. d4 {[%clk 01:26:48]} {[%emt 00:01:18]} d5 {[%clk 01:30:41]}
{[%emt 00:00:15]} 3. exd5 {[%clk 01:24:36]} {[%emt 00:02:42]} cxd5 {[%clk
01:30:48]} {[%emt 00:00:23]} 4. c4 {[%clk 01:23:19]} {[%emt 00:01:47]} Nf6
{[%clk 01:29:21]} {[%emt 00:01:57]} 5. Nc3 {[%clk 01:23:45]} {[%emt 00:00:04]}
e6 {[%clk 01:28:44]} {[%emt 00:01:07]} 6. Nf3 {[%clk 01:23:37]} {[%emt
00:00:38]} Nc6 {[%clk 01:24:47]} {[%emt 00:04:27]} 7. cxd5 {[%clk 01:17:35]}
{[%emt 00:06:32]} Nxd5 {[%clk 01:16:05]} {[%emt 00:09:12]} 8. Bd3 {[%clk
01:16:43]} {[%emt 00:01:22]} Be7 {[%clk 01:12:56]} {[%emt 00:03:39]} 9. O-O
{[%clk 01:16:40]} {[%emt 00:00:33]} O-O {[%clk 01:09:19]} {[%emt 00:04:07]} 10.
Re1 {[%clk 01:16:31]} {[%emt 00:00:38]} Bf6 {[%clk 01:04:41]} {[%emt 00:05:09]}
11. Be4 {[%clk 01:14:05]} {[%emt 00:02:56]} h6 {[%clk 00:57:50]} {[%emt
00:07:20]} 12. Bb1 {[%clk 01:03:34]} {[%emt 00:11:01]} Nde7 {[%clk 00:42:16]}
{[%emt 00:16:04]} 13. Qd3 {[%clk 00:45:07]} {[%emt 00:18:57]} Ng6 {[%clk
00:40:41]} {[%emt 00:02:05]} 14. Be3 {[%clk 00:36:02]} {[%emt 00:09:36]} Re8
{[%clk 00:38:28]} {[%emt 00:02:43]} 15. Qb5 {[%clk 00:26:14]} {[%emt 00:10:17]}
Nf8 {[%clk 00:26:53]} {[%emt 00:12:04]} 16. Ne4 {[%clk 00:24:36]} {[%emt
00:02:09]} Be7 {[%clk 00:24:45]} {[%emt 00:02:38]} 17. Qh5 {[%clk 00:22:12]}
{[%emt 00:02:54]} f5 {[%clk 00:18:09]} {[%emt 00:07:06]} 18. Nc3 {[%clk
00:20:29]} {[%emt 00:02:14]} Bf6 {[%clk 00:17:48]} {[%emt 00:00:51]} 19. a3
{[%clk 00:19:57]} {[%emt 00:01:02]} Ne7 {[%clk 00:11:12]} {[%emt 00:07:04]} 20.
Ba2 {[%clk 00:17:03]} {[%emt 00:03:26]} b6 {[%clk 00:09:45]} {[%emt 00:01:57]}
21. Ne5 {[%clk 00:13:22]} {[%emt 00:04:10]} Bxe5 {[%clk 00:09:06]} {[%emt
00:01:09]} 22. dxe5 {[%clk 00:13:49]} {[%emt 00:00:04]} Bb7 {[%emt 00:01:44]}
23. Rad1 {[%clk 00:13:18]} Qc7 {[%clk 00:08:42]} {[%emt 00:00:41]} 24. Rd6
{[%clk 00:09:44]} {[%emt 00:04:04]} Nd5 {[%clk 00:04:38]} {[%emt 00:04:33]} 25.
Nxd5 {[%clk 00:07:08]} {[%emt 00:03:06]} Bxd5 {[%clk 00:04:45]} {[%emt
00:00:22]} 26. Rxd5 {[%clk 00:06:36]} {[%emt 00:01:03]} exd5 {[%clk 00:04:29]}
{[%emt 00:00:46]} 27. Bxd5+ {[%clk 00:07:02]} {[%emt 00:00:05]} Kh8 {[%clk
00:04:42]} {[%emt 00:00:15]} 28. Bxa8 {[%clk 00:07:14]} {[%emt 00:00:18]} Rxa8
{[%clk 00:04:02]} {[%emt 00:01:10]} 29. Qxf5 {[%clk 00:07:33]} {[%emt
00:00:13]} Re8 {[%clk 00:04:24]} {[%emt 00:00:07]} 30. Bd4 {[%clk 00:06:40]}
{[%emt 00:01:23]} Ne6 {[%clk 00:04:27]} {[%emt 00:00:27]} 31. Bc3 {[%clk
00:06:44]} {[%emt 00:00:26]} Qc5 {[%clk 00:03:56]} {[%emt 00:01:01]} 32. h3
{[%clk 00:06:07]} {[%emt 00:01:07]} Qc6 {[%clk 00:03:53]} {[%emt 00:00:33]} 33.
Rd1 {[%clk 00:05:08]} {[%emt 00:01:29]} Rf8 {[%clk 00:03:23]} {[%emt 00:01:00]}
34. Qg6 {[%clk 00:05:06]} {[%emt 00:00:32]} Qa4 {[%clk 00:02:57]} {[%emt
00:00:56]} 35. Rd6 {[%clk 00:02:31]} {[%emt 00:03:05]} Nf4 {[%clk 00:02:39]}
{[%emt 00:00:48]} 36. Qg4 {[%clk 00:02:49]} {[%emt 00:00:13]} Qe4 {[%clk
00:00:38]} {[%emt 00:02:30]} 37. Kh2 {[%clk 00:02:07]} {[%emt 00:01:12]} h5
{[%clk 00:00:35]} {[%emt 00:00:33]} 38. Rh6+ {[%clk 00:02:25]} {[%emt
00:00:12]} Kg8 {[%clk 00:00:59]} {[%emt 00:00:05]} 39. Rxh5 {[%clk 00:02:50]}
{[%emt 00:00:05]} Qe2 {[%clk 00:00:36]} {[%emt 00:00:54]} 40. Rg5 {[%clk
00:02:14]} {[%emt 00:01:07]} Qxg4 {[%clk 00:00:46]} {[%emt 00:00:20]} 41. Rxg4
{[%clk 00:02:38]} {[%emt 00:00:05]} Ne6 {[%clk 00:00:58]} {[%emt 00:00:17]} 42.
Kg3 {[%clk 00:02:34]} {[%emt 00:00:34]} Rd8 {[%clk 00:01:08]} {[%emt 00:00:20]}
43. f4 {[%clk 00:02:44]} {[%emt 00:00:21]} Nc5 {[%clk 00:01:24]} {[%emt
00:00:14]} 44. f5 {[%clk 00:02:50]} {[%emt 00:00:23]} Rd3+ {[%clk 00:01:31]}
{[%emt 00:00:23]} 45. Kf2 {[%clk 00:03:13]} {[%emt 00:00:08]} Rd5 {[%clk
00:01:16]} {[%emt 00:00:46]} 46. Rd4 {[%clk 00:02:28]} {[%emt 00:01:14]} Rxd4
{[%clk 00:01:21]} {[%emt 00:00:24]} 47. Bxd4 {[%clk 00:02:56]} {[%emt
00:00:02]} Kf7 {[%clk 00:01:40]} {[%emt 00:00:11]} 48. Bxc5 {[%clk 00:03:22]}
{[%emt 00:00:05]} bxc5 {[%clk 00:01:59]} {[%emt 00:00:11]} 49. Ke3 {[%clk
00:03:48]} {[%emt 00:00:04]} g6 {[%clk 00:02:18]} {[%emt 00:00:10]} 50. g4
{[%clk 00:04:15]} {[%emt 00:00:03]} c4 {[%clk 00:02:43]} {[%emt 00:00:06]} 51.
Kd4 {[%clk 00:04:42]} {[%emt 00:00:03]} a5 {[%clk 00:03:08]} {[%emt 00:00:05]}
52. a4 {[%clk 00:05:06]} {[%emt 00:00:06]} gxf5 {[%clk 00:03:32]} {[%emt
00:00:05]} 53. gxf5 {[%clk 00:05:33]} {[%emt 00:00:03]} Ke7 {[%clk 00:03:53]}
{[%emt 00:00:10]} 54. Kd5 {[%clk 00:05:54]} {[%emt 00:00:09]} Kf7 {[%clk
00:04:17]} {[%emt 00:00:05]} 55. Kd6 {[%clk 00:06:21]} {[%emt 00:00:03]} Ke8
{[%clk 00:04:40]} {[%emt 00:00:07]} 56. e6 {[%clk 00:06:43]} {[%emt 00:00:07]}
c3 {[%clk 00:05:02]} {[%emt 00:00:09]} 57. bxc3 {[%clk 00:07:10]} {[%emt
00:00:03]} Kd8 {[%clk 00:05:26]} {[%emt 00:00:05]} 58. f6 {[%clk 00:07:37]}
{[%emt 00:00:04]} Ke8 {[%clk 00:05:50]} {[%emt 00:00:06]} 59. f7+ {[%clk
00:08:03]} {[%emt 00:00:04]} 1-0

[Event "English Open Championship 2024"]
[Site "Holiday Inn, 212 Abbey End, Kenilworth CV8 1ED, United Kingdom"]
[Date "2024.06.21"]
[Round "4.10"]
[White "Badacsonyi, Stanley"]
[Black "Pal, Rohan"]
[Result "1-0"]
[TimeControl "G90 + 30secs/move"]
[WhiteFideId "486973"]
[BlackFideId "462489"]
[WhiteElo "2132"]
[BlackElo "2097"]

1. d4 {[%clk 01:30:59]} {[%emt 00:00:01]} d5 {[%clk 01:30:57]} {[%emt
00:00:03]} 2. c4 {[%clk 01:31:26]} {[%emt 00:00:03]} e6 {[%clk 01:31:24]}
{[%emt 00:00:02]} 3. Nc3 {[%clk 01:31:53]} {[%emt 00:00:04]} Nf6 {[%clk
01:31:47]} {[%emt 00:00:07]} 4. cxd5 {[%clk 01:32:18]} {[%emt 00:00:05]} exd5
{[%clk 01:32:14]} {[%emt 00:00:03]} 5. Bg5 {[%clk 01:32:42]} {[%emt 00:00:06]}
c6 {[%clk 01:32:41]} {[%emt 00:00:03]} 6. e3 {[%clk 01:33:09]} {[%emt
00:00:03]} h6 {[%clk 01:32:29]} {[%emt 00:00:42]} 7. Bh4 {[%clk 01:33:36]}
{[%emt 00:00:04]} Be7 {[%clk 01:32:56]} {[%emt 00:00:02]} 8. Bd3 {[%clk
01:33:57]} {[%emt 00:00:09]} O-O {[%clk 01:33:22]} {[%emt 00:00:04]} 9. Nge2
{[%clk 01:34:19]} {[%emt 00:00:08]} a5 {[%clk 01:33:08]} {[%emt 00:00:44]} 10.
Qc2 {[%clk 01:34:39]} {[%emt 00:00:10]} Na6 {[%clk 01:33:33]} {[%emt 00:00:05]}
11. a3 {[%clk 01:35:05]} {[%emt 00:00:05]} Nc7 {[%clk 01:33:32]} {[%emt
00:00:31]} 12. O-O {[%clk 01:35:21]} {[%emt 00:00:13]} Ne6 {[%clk 01:33:52]}
{[%emt 00:00:11]} 13. f3 {[%clk 01:34:45]} {[%emt 00:01:06]} b5 {[%clk
01:33:56]} {[%emt 00:00:26]} 14. Bf2 {[%clk 01:34:08]} {[%emt 00:01:07]} Ba6
{[%clk 01:28:27]} {[%emt 00:05:59]} 15. h3 {[%clk 01:31:32]} {[%emt 00:03:05]}
Qd7 {[%clk 01:24:28]} {[%emt 00:04:29]} 16. Rfd1 {[%clk 01:29:28]} {[%emt
00:02:34]} c5 {[%clk 01:21:40]} {[%emt 00:03:18]} 17. dxc5 {[%clk 01:26:28]}
{[%emt 00:03:30]} Nxc5 {[%clk 01:19:51]} {[%emt 00:02:19]} 18. Bf5 {[%clk
01:26:01]} {[%emt 00:00:57]} Qb7 {[%clk 01:15:02]} {[%emt 00:05:19]} 19. Nf4
{[%clk 01:23:38]} {[%emt 00:02:53]} Rfd8 {[%clk 01:13:51]} {[%emt 00:01:41]} 20.
b4 {[%clk 01:22:27]} {[%emt 00:01:41]} axb4 {[%clk 01:11:04]} {[%emt 00:03:17]}
21. axb4 {[%clk 01:22:49]} {[%emt 00:00:07]} Na4 {[%clk 01:06:20]} {[%emt
00:05:14]} 22. Nxa4 {[%clk 01:21:23]} {[%emt 00:01:57]} bxa4 {[%clk 01:06:42]}
{[%emt 00:00:08]} 23. Rxa4 {[%clk 01:21:36]} {[%emt 00:00:17]} Bc4 {[%clk
01:04:25]} {[%emt 00:02:47]} 24. Rda1 {[%clk 01:18:43]} {[%emt 00:03:23]} Rxa4
{[%clk 01:03:21]} {[%emt 00:01:34]} 25. Rxa4 {[%clk 01:18:48]} {[%emt
00:00:25]} Bxb4 {[%clk 01:02:54]} {[%emt 00:00:57]} 26. Qb2 {[%clk 01:17:42]}
{[%emt 00:01:36]} Rb8 {[%clk 01:03:14]} {[%emt 00:00:09]} 27. Bg3 {[%clk
01:07:48]} {[%emt 00:10:25]} Bd6 {[%clk 00:51:38]} {[%emt 00:12:06]} 28. Qxb7
{[%clk 01:06:25]} {[%emt 00:01:54]} Rxb7 {[%clk 00:52:04]} {[%emt 00:00:03]} 29.
Nxd5 {[%clk 01:06:17]} {[%emt 00:00:38]} Bxg3 {[%clk 00:49:03]} {[%emt
00:03:31]} 30. Rxc4 {[%clk 00:58:24]} {[%emt 00:08:23]} Bd6 {[%clk 00:46:06]}
{[%emt 00:03:27]} 31. Rc6 {[%clk 00:57:06]} {[%emt 00:01:49]} Be7 {[%clk
00:43:07]} {[%emt 00:03:27]} 32. Nxe7+ {[%clk 00:57:20]} {[%emt 00:00:18]} Rxe7
{[%clk 00:43:32]} {[%emt 00:00:05]} 33. Kf2 {[%clk 00:57:42]} {[%emt 00:00:07]}
Ne8 {[%clk 00:41:48]} {[%emt 00:02:14]} 34. Bd3 {[%clk 00:57:46]} {[%emt
00:00:27]} g6 {[%clk 00:41:53]} {[%emt 00:00:24]} 35. f4 {[%clk 00:57:56]}
{[%emt 00:00:20]} Kg7 {[%clk 00:41:03]} {[%emt 00:01:20]} 36. Kf3 {[%clk
00:57:03]} {[%emt 00:01:23]} Rc7 {[%clk 00:39:19]} {[%emt 00:02:15]} 37. Ra6
{[%clk 00:54:40]} {[%emt 00:02:53]} Rc3 {[%clk 00:38:21]} {[%emt 00:01:28]} 38.
Ke2 {[%clk 00:53:44]} {[%emt 00:01:26]} Rc7 {[%clk 00:38:16]} {[%emt 00:00:36]}
39. e4 {[%clk 00:53:01]} {[%emt 00:01:12]} Nf6 {[%clk 00:38:35]} {[%emt
00:00:12]} 40. Ke3 {[%clk 00:53:16]} {[%emt 00:00:15]} Re7 {[%clk 00:38:23]}
{[%emt 00:00:43]} 41. Ra5 {[%clk 00:53:16]} {[%emt 00:00:30]} Ne8 {[%clk
00:38:02]} {[%emt 00:00:51]} 42. e5 {[%clk 00:53:32]} {[%emt 00:00:14]} Nc7
{[%clk 00:38:17]} {[%emt 00:00:15]} 43. Bc4 {[%clk 00:53:52]} {[%emt 00:00:10]}
Ne6 {[%clk 00:37:28]} {[%emt 00:01:19]} 44. Ra6 {[%clk 00:51:56]} {[%emt
00:02:25]} Nc7 {[%clk 00:35:47]} {[%emt 00:02:10]} 45. Rb6 {[%clk 00:52:05]}
{[%emt 00:00:22]} g5 {[%clk 00:34:21]} {[%emt 00:01:56]} 46. g3 {[%clk
00:52:20]} {[%emt 00:00:15]} gxf4+ {[%clk 00:32:47]} {[%emt 00:02:04]} 47. gxf4
{[%clk 00:52:45]} {[%emt 00:00:05]} Rd7 {[%clk 00:26:59]} {[%emt 00:06:17]} 48.
Ke4 {[%clk 00:49:54]} {[%emt 00:03:23]} Ne8 {[%clk 00:25:44]} {[%emt 00:01:45]}
49. f5 {[%clk 00:48:19]} {[%emt 00:02:04]} Ra7 {[%clk 00:23:55]} {[%emt
00:02:18]} 50. Bb3 {[%clk 00:47:15]} {[%emt 00:01:35]} Kh7 {[%clk 00:22:33]}
{[%emt 00:01:52]} 51. Rb8 {[%clk 00:47:30]} {[%emt 00:00:15]} Re7 {[%clk
00:22:09]} {[%emt 00:00:54]} 52. Kf4 {[%clk 00:47:44]} {[%emt 00:00:16]} Kg7
{[%clk 00:22:08]} {[%emt 00:00:32]} 53. Ba4 {[%clk 00:47:52]} {[%emt 00:00:22]}
Kf8 {[%clk 00:22:04]} {[%emt 00:00:34]} 54. f6 {[%clk 00:48:17]} {[%emt
00:00:05]} Re6 {[%clk 00:22:29]} {[%emt 00:00:04]} 55. Bd7 {[%clk 00:48:42]}
{[%emt 00:00:06]} 1-0